| 000 | 00472nam a22001817a 4500 | ||
|---|---|---|---|
| 003 | Ost | ||
| 005 | 20220828163501.0 | ||
| 008 | 220828b |||||||| |||| 00| 0 eng d | ||
| 020 | _aNA | ||
| 040 | _cBT-PhCST | ||
| 050 | _a4243 & 4268 | ||
| 082 |
_222 _a621.381044 |
||
| 100 | _aNagrath, I J. and Kothari, D. P. | ||
| 245 | _aPower system engineering / | ||
| 260 |
_aNew Delhi, _bMcGraw-Hill Publishing Company Ltd., _cc2003. |
||
| 300 |
_a0 _bill. ; |
||
| 942 |
_2ddc _cEE _03 |
||
| 999 |
_c2010 _d2010 |
||